<?xml version="1.0" encoding="UTF-8"?>
<record
    xmlns:xsi="http://www.w3.org/2001/XMLSchema-instance"
    xsi:schemaLocation="http://www.loc.gov/MARC21/slim http://www.loc.gov/standards/marcxml/schema/MARC21slim.xsd"
    xmlns="http://www.loc.gov/MARC21/slim">

  <leader>00944nam a22002417a 4500</leader>
  <controlfield tag="003">SEM</controlfield>
  <controlfield tag="005">20250707172003.0</controlfield>
  <controlfield tag="008">241106s2001    ai ||||gr||||||01|0|arm|d</controlfield>
  <datafield tag="020" ind1=" " ind2=" ">
    <subfield code="a">99930-888-5-4</subfield>
  </datafield>
  <datafield tag="040" ind1=" " ind2=" ">
    <subfield code="a">SEM</subfield>
    <subfield code="c">SEM</subfield>
  </datafield>
  <datafield tag="041" ind1=" " ind2=" ">
    <subfield code="a">arm</subfield>
  </datafield>
  <datafield tag="080" ind1=" " ind2=" ">
    <subfield code="a">&#x531;&#x57E;&#x561;&#x563;-90</subfield>
  </datafield>
  <datafield tag="100" ind1=" " ind2=" ">
    <subfield code="a">&#x540;&#x561;&#x575;&#x580;&#x578;&#x582;&#x576;&#x56B;, &#x531;&#x577;&#x578;&#x57F;</subfield>
  </datafield>
  <datafield tag="245" ind1=" " ind2=" ">
    <subfield code="a">&#x545;&#x578;&#x570;&#x561;&#x576;&#x576;&#x565;&#x57D; &#x53C;&#x565;&#x583;&#x57D;&#x56B;&#x578;&#x582;&#x57D; :</subfield>
    <subfield code="b">&#x540;&#x561;&#x575;&#x561;&#x576;&#x57E;&#x565;&#x580; &#x563;&#x578;&#x580;&#x56E;&#x56B;&#x579;&#x576; &#x578;&#x582; &#x570;&#x580;&#x561;&#x57A;&#x561;&#x580;&#x561;&#x56F;&#x561;&#x56D;&#x578;&#x57D;&#x568; /</subfield>
    <subfield code="c">&#x531;. &#x540;&#x561;&#x575;&#x580;&#x578;&#x582;&#x576;&#x56B; ; &#x53D;&#x574;&#x562;.&#x55D; &#x532;. &#x540;&#x561;&#x580;&#x578;&#x582;&#x569;&#x575;&#x578;&#x582;&#x576;&#x575;&#x561;&#x576;</subfield>
  </datafield>
  <datafield tag="260" ind1=" " ind2=" ">
    <subfield code="a">&#x535;&#x580;&#x587;&#x561;&#x576; :</subfield>
    <subfield code="b">&#xAB;&#x544;&#x56B;&#x57F;&#x584;&#xBB; &#x570;&#x580;&#x561;&#x57F;.,</subfield>
    <subfield code="c">2001.</subfield>
  </datafield>
  <datafield tag="300" ind1=" " ind2=" ">
    <subfield code="a">135 &#x567;&#x57B; ;</subfield>
    <subfield code="b">5 &#x567;&#x57B; &#x576;&#x56F;. ; &#x561;&#x572;&#x575;. ;</subfield>
    <subfield code="c">20 &#x57D;&#x574;</subfield>
  </datafield>
  <datafield tag="650" ind1=" " ind2=" ">
    <subfield code="a">&#x540;&#x561;&#x575;&#x578;&#x581; &#x581;&#x565;&#x572;&#x561;&#x57D;&#x57A;&#x561;&#x576;&#x578;&#x582;&#x569;&#x575;&#x578;&#x582;&#x576;</subfield>
  </datafield>
  <datafield tag="650" ind1=" " ind2=" ">
    <subfield code="a">&#x540;&#x561;&#x575;&#x56F;&#x561;&#x56F;&#x561;&#x576; &#x56F;&#x578;&#x57F;&#x578;&#x580;&#x561;&#x56E;&#x576;&#x565;&#x580;</subfield>
  </datafield>
  <datafield tag="653" ind1=" " ind2=" ">
    <subfield code="a">&#x54D;&#x537;&#x544;</subfield>
  </datafield>
  <datafield tag="700" ind1=" " ind2=" ">
    <subfield code="a">&#x540;&#x561;&#x580;&#x578;&#x582;&#x569;&#x575;&#x578;&#x582;&#x576;&#x575;&#x561;&#x576;, &#x532;&#x561;&#x562;&#x56F;&#x565;&#x576;</subfield>
    <subfield code="e">&#x56D;&#x574;&#x562;.</subfield>
    <subfield code="4">edt.</subfield>
  </datafield>
  <datafield tag="856" ind1=" " ind2=" ">
    <subfield code="u">https://haygirk.nla.am/upload/1941-/yohanes_lepsius_2001.pdf</subfield>
    <subfield code="y">&#x53F;&#x561;&#x580;&#x564;&#x561;&#x56C; &#x561;&#x57C;&#x581;&#x561;&#x576;&#x581;</subfield>
  </datafield>
  <datafield tag="942" ind1=" " ind2=" ">
    <subfield code="2">udc</subfield>
    <subfield code="c">BK</subfield>
    <subfield code="n">0</subfield>
  </datafield>
  <datafield tag="999" ind1=" " ind2=" ">
    <subfield code="c">75412</subfield>
    <subfield code="d">75412</subfield>
  </datafield>
  <datafield tag="952" ind1=" " ind2=" ">
    <subfield code="0">0</subfield>
    <subfield code="1">0</subfield>
    <subfield code="2">udc</subfield>
    <subfield code="4">0</subfield>
    <subfield code="7">0</subfield>
    <subfield code="8">&#x533;&#x580;&#x561;&#x57A;&#x561;&#x570;&#x578;&#x581;</subfield>
    <subfield code="a">SEM</subfield>
    <subfield code="b">SEM</subfield>
    <subfield code="d">2024-11-06</subfield>
    <subfield code="g">400.00</subfield>
    <subfield code="i">&#x531;&#x57E;&#x561;&#x563;-90</subfield>
    <subfield code="l">0</subfield>
    <subfield code="o">947.925.523/&#x540;-30</subfield>
    <subfield code="p">&#x531;&#x57E;&#x561;&#x563;-90</subfield>
    <subfield code="r">2024-11-06</subfield>
    <subfield code="w">2024-11-06</subfield>
    <subfield code="y">BK</subfield>
    <subfield code="z">&#x54D;&#x57A;&#x561;&#x57D;&#x561;&#x580;&#x56F;&#x57E;&#x578;&#x582;&#x574; &#x567; &#x568;&#x576;&#x569;&#x565;&#x580;&#x581;&#x561;&#x57D;&#x580;&#x561;&#x570;</subfield>
  </datafield>
</record>
